000 01033nam a22002657a 4500
999 _c64445
_d64445
005 20240530110732.0
008 160313s2017 ua a g b 000 0 ara d
017 _a2016/17310
_bمصر . دار الكتب المصرية
020 _a9789770530900
040 _aEG-CaGPL
_cEG-CaGPL
082 0 4 _221
_a155.916 \
_bأ ت
100 0 _aاسامة فاروق مصطفى
245 1 0 _aتعديل وبناء السلوك الانسانى للعاديين وذوى الاحتياجات الخاصة /
_cاسامة فاروق مصطفى .
250 _aط.1
260 _aالقاهرة :
_bمكتبة الانجلو المصرية ،
_c2017 .
300 _a179 ص. ؛
_c24 سم .
504 _aيشتمل على ارجاعات ببليوجرافية
650 0 7 _2qrmak
_aالتعلم
650 0 7 _2qrmak
_aتعديل السلوك
650 0 7 _2qrmak
_aتعديل السلوك
_xالمعاقون
650 0 7 _aالسلوك
_2qrmak
651 _2qrmak
942 _2ddc
_cBK